University Home | Library Home | Institutional Repository

Evaluating acquisitions and collection management. (Record no. 106830)

MARC details
000 -LEADER
fixed length control field 00541cam2a220019300 4500
001 - CONTROL NUMBER
control field tmp15765304
003 - CONTROL NUMBER IDENTIFIER
control field UPRA
005 - DATE AND TIME OF LATEST TRANSACTION
control field 20190819112046.0
008 - FIXED-LENGTH DATA ELEMENTS--GENERAL INFORMATION
fixed length control field 951024s1991 xx eng u
035 ## - SYSTEM CONTROL NUMBER
System control number (Sirsi) r43857
035 ## - SYSTEM CONTROL NUMBER
System control number (UPRA)tmp15765304
040 ## - CATALOGING SOURCE
Transcribing agency UPRA
245 00 - TITLE STATEMENT
Title Evaluating acquisitions and collection management.
260 ## - PUBLICATION, DISTRIBUTION, ETC.
Date of publication, distribution, etc. 1991.
949 ## - LOCAL PROCESSING INFORMATION (OCLC)
a Z687
w lcc
i -54104
m MAIN
t BOOK
l ON-SHELF
949 ## - LOCAL PROCESSING INFORMATION (OCLC)
a Z687
w lcc
i -54105
m MAIN
t BOOK
l ON-SHELF
949 ## - LOCAL PROCESSING INFORMATION (OCLC)
a Z687
w lcc
i -54106
m MAIN
t BOOK
l ON-SHELF

No items available.

© 2026 - The University of Zambia Library - Koha v25.11